Welcome to WEB OPAC of MRSPTU Central Library

Vigyan de Samaj Uper Parbhav (ਵਿਗਿਆਨ ਦੇ ਸਮਾਜ ਉੱਪਰ ਪ੍ਰਭਾਵ) (Record no. 10055)

MARC details
000 -LEADER
fixed length control field 00476nam a22001577a 4500
003 - CONTROL NUMBER IDENTIFIER
control field OSt
005 - DATE AND TIME OF LATEST TRANSACTION
control field 20240416123612.0
008 - FIXED-LENGTH DATA ELEMENTS--GENERAL INFORMATION
fixed length control field 240416b |||||||| |||| 00| 0 eng d
040 ## - CATALOGING SOURCE
Transcribing agency MRSPTU
100 ## - MAIN ENTRY--PERSONAL NAME
Personal name Bartred Rasel (ਬਰਟਰੈਂਡ ਰਸਲ)
245 ## - TITLE STATEMENT
Title Vigyan de Samaj Uper Parbhav (ਵਿਗਿਆਨ ਦੇ ਸਮਾਜ ਉੱਪਰ ਪ੍ਰਭਾਵ)
250 ## - EDITION STATEMENT
Edition statement 1st
260 ## - PUBLICATION, DISTRIBUTION, ETC.
Place of publication, distribution, etc. Punjab
Name of publisher, distributor, etc. Tarkbharti Parkashan
Date of publication, distribution, etc. 2007
300 ## - PHYSICAL DESCRIPTION
Extent 128
942 ## - ADDED ENTRY ELEMENTS (KOHA)
Source of classification or shelving scheme Dewey Decimal Classification
Koha item type Book
Suppress in OPAC No
Holdings
Withdrawn status Lost status Source of classification or shelving scheme Damaged status Not for loan Collection Home library Current library Date acquired Total checkouts Barcode Date last seen Date last checked out Price effective from Koha item type
    Dewey Decimal Classification     BK MRSPTU Central Library MRSPTU Central Library 04/16/2024 1 G-221 11/06/2025 10/10/2025 04/16/2024 Book

Website Designed and Developed by MRSPTU Central Library Team

E-mail Id: librarian@mrsptu.ac.in